[Event "AUTO-ADV-2618"]
[Site "http://www.queenalice.com/game.php?id=1102562"]
[Date "2012.9.13"]
[Round "1"]
[White "procellaria"]
[Black "TITAN10"]
[Result "1-0"]
[WhiteElo "1838"]
[BlackElo "1703"]

1. c4 e5 2. g3 Nc6 3. Bg2 Nf6 4. a3 Be7 5. d3 d5 6. Nd2 d4 7. Ngf3 O-O 8. b3 Bg4
9. O-O a6 10. h3 Bh5 11. g4 Bg6 12. Nh4 Nd7 13. Nxg6 hxg6 14. b4 b5 15. c5 Nf6
16. Bxc6 Rb8 17. Bg2 Nd7 18. Ne4 f5 19. Ng3 f4 20. Ne4 Nf6 21. e3 Nxe4 22. Bxe4
g5 23. Qb3+ Kh8 24. Qe6 Bf6 25. Qf5 g6 26. Qxg6 Qe7 27. Qh5+ Kg8 28. Qg6+ Qg7
29. Bd5+ Kh8 30. Qh5+ Qh7 31. Qxh7+ Kxh7 32. exd4 exd4 33. Bd2 Rfe8 34. Rae1 Bg7
35. Be4+ Kg8 36. f3 Bf6 37. Rf2 Re5 38. Rh2 Kg7 39. Kg2 Rh8 40. Kf2 Be7 41. Bc1
Re6 42. Bb2 Bf6 43. Kf1 c6 44. Ree2 Rhe8 45. Rhf2 Rh8 46. Kg2 Re7 47. Rf1 Rhe8
48. Rfe1 Kf8 49. Kf2 Rc8 50. Bf5 Rxe2+ 51. Rxe2 Re8 52. Rxe8+ Kxe8 53. Bc8 Kd8
54. Bxa6 Kc7 55. Ke2 Kb8 56. Kd2 Kc7 57. Kc2 Be5 58. Kb3 Kb8 59. a4 Ka7 60. axb5
cxb5 61. Bxb5 Kb7 62. Kc4 1-0

[Event "AUTO-ADV-2618"]
[Site "http://www.queenalice.com/game.php?id=1102577"]
[Date "2012.9.13"]
[Round "1"]
[White "procellaria"]
[Black "dutra2302"]
[Result "1-0"]
[WhiteElo "1860"]
[BlackElo "2012"]

1. d4 Nf6 2. c4 g6 3. Nc3 Bg7 4. e4 d6 5. Nf3 O-O 6. h3 Nbd7 7. Bd3 c6 8. Be3 e5
9. Qc2 Re8 10. O-O-O b6 11. g4 d5 12. Rhe1 Bb7 13. dxe5 Nxe5 14. Nxe5 Rxe5 15.
f4 Re8 16. e5 Nd7 17. Kb1 Nc5 18. cxd5 Nxd3 19. Qxd3 cxd5 20. Nxd5 Qh4 21. Qf1
Rad8 22. Bf2 Qh6 23. g5 Qh5 24. Nc7 Rxd1+ 25. Rxd1 Rc8 26. Nd5 Bxd5 27. Rxd5 Qf3
28. Rd4 Qc6 29. Be3 Bf8 30. Rd1 Qe4+ 31. Qd3 Qf3 32. Bc1 Qf2 33. b3 Qg2 34. Rd2
Qc6 35. Rc2 Qxc2+ 36. Qxc2 Rxc2 37. Kxc2 Bc5 38. a4 Kg7 39. Kd3 h6 40. Be3 Ba3
41. Kc4 hxg5 42. fxg5 Kf8 43. Kb5 Ke7 44. Ka6 Bc5 45. Bxc5+ bxc5 46. Kxa7 Ke6
47. Kb6 Kxe5 48. Kxc5 Kf5 49. a5 Kxg5 50. a6 1-0

[Event "AUTO-ADV-2618"]
[Site "http://www.queenalice.com/game.php?id=1102578"]
[Date "2012.9.13"]
[Round "1"]
[White "dutra2302"]
[Black "procellaria"]
[Result "0-1"]
[WhiteElo "2081"]
[BlackElo "1862"]

1. d4 Nf6 2. c4 g6 3. Nc3 Bg7 4. Nf3 d6 5. e4 Nc6 6. Bg5 h6 7. Bxf6 Bxf6 8. a3
a6 9. Be2 Bg4 10. Nd5 Bg7 11. O-O Bxf3 12. Bxf3 Nxd4 13. Rb1 c6 14. Nf4 O-O 15.
Re1 e5 16. Nd3 Kh7 17. Bg4 Qg5 18. c5 d5 19. exd5 cxd5 20. Re3 e4 21. Nb4 Rad8
22. Rg3 Be5 23. Rh3 f5 24. Be2 f4 25. c6 bxc6 26. f3 a5 27. Nc2 Qf6 28. Ne1 Qg5
29. fxe4 dxe4 30. Nc2 Nf3+ 31. Bxf3 Rxd1+ 32. Bxd1 f3 33. g3 Bd4+ 34. Kf1 Qb5+
35. Ke1 f2+ 36. Kd2 f1=Q 0-1

[Event "AUTO-ADV-2618"]
[Site "http://www.queenalice.com/game.php?id=1102579"]
[Date "2012.9.13"]
[Round "1"]
[White "procellaria"]
[Black "alexsandrob3478"]
[Result "1-0"]
[WhiteElo "1840"]
[BlackElo "1987"]

1. d4 Nf6 2. c4 e5 3. e3 Bb4+ 4. Nc3 exd4 5. exd4 c5 6. a3 cxd4 7. axb4 dxc3 8.
Qe2+ Qe7 9. Qxe7+ Kxe7 10. bxc3 Ne4 11. Bb2 b6 12. g3 Nd6 13. Bg2 Bb7 14. Nf3
Re8 15. c5 bxc5 16. bxc5 Nf5 17. O-O-O Nc6 18. Rhe1+ Kd8 19. Ng5 Rxe1 20. Rxe1
Kc7 21. Nxf7 h6 22. g4 Nh4 23. Bh1 Rf8 24. Bd5 Na5 25. Ba2 Nf3 26. Re3 Nxh2 27.
Rg3 Nf1 28. Rg1 Nh2 29. Ba3 Bc6 30. f4 d5 31. cxd6+ Kd7 32. f5 Bf3 33. Be6+ Kc6
34. d7 Nb7 35. Bxf8 1-0

[Event "AUTO-ADV-2618"]
[Site "http://www.queenalice.com/game.php?id=1102580"]
[Date "2012.9.13"]
[Round "1"]
[White "alexsandrob3478"]
[Black "procellaria"]
[Result "1-0"]
[WhiteElo "2002"]
[BlackElo "1869"]

1. d4 Nf6 2. c4 g6 3. Nc3 Bg7 4. e4 d6 5. f3 Nbd7 6. Be3 O-O 7. Qd2 e5 8. Nge2
a6 9. h4 c6 10. g4 Qc7 11. h5 Nb6 12. Ng3 Rd8 13. d5 cxd5 14. cxd5 Bd7 15. hxg6
fxg6 16. Bh6 Bc8 17. Bxg7 Qxg7 18. O-O-O Bd7 19. g5 Ne8 20. Be2 Rdc8 21. Kb1 Nc4
22. Bxc4 Rxc4 23. Rh4 Rd4 24. Qf2 Rxd1+ 25. Nxd1 b5 26. Ne3 Nc7 27. Ng4 Bxg4 28.
Rxg4 Ne8 29. f4 Qc7 30. Rh4 Rc8 31. Rh1 exf4 32. Qxf4 Ng7 33. Rc1 Qxc1+ 34. Qxc1
Rxc1+ 35. Kxc1 Kf7 36. Kd2 Ke7 37. Kd3 Ne8 38. Kd4 Ng7 39. b4 Kd7 40. e5 dxe5+
41. Kxe5 Ne8 42. Ne4 Kc7 43. Ke6 Ng7+ 44. Kf6 Nh5+ 45. Kf7 Kd7 46. Nf6+ Nxf6 47.
Kxf6 Kd6 48. Kg7 Kxd5 49. Kxh7 Kc4 50. Kxg6 Kxb4 51. Kf5 Ka3 52. g6 b4 53. g7
Kxa2 54. g8=Q+ b3 55. Ke4 Ka3 56. Qa8 b2 57. Qxa6+ Kb3 58. Qb5+ Kc2 59. Qd3+ Kc1
60. Qc3+ Kb1 61. Kd3 Ka1 62. Kc2 1-0

[Event "AUTO-OPEN-2789"]
[Site "http://www.queenalice.com/game.php?id=1139157"]
[Date "2013.1.10"]
[Round "2"]
[White "TITAN10"]
[Black "procellaria"]
[Result "1-0"]
[WhiteElo "1954"]
[BlackElo "1868"]

1. e4 d6 2. d4 c6 3. g3 b6 4. Bg2 Bb7 5. Ne2 Nd7 6. O-O e5 7. Nbc3 Ngf6 8. Bg5
h6 9. Bxf6 Qxf6 10. Bh3 Rd8 11. f4 Qg6 12. Bf5 Qh5 13. Bxd7+ Rxd7 14. fxe5 dxe5
15. Rf5 Qg4 16. Rxe5+ Be7 17. Qd3 O-O 18. Nf4 Rc7 19. Rf5 Rd7 20. h3 1-0

[Event "AUTO-OPEN-2789"]
[Site "http://www.queenalice.com/game.php?id=1139158"]
[Date "2013.1.10"]
[Round "2"]
[White "procellaria"]
[Black "TITAN10"]
[Result "0-1"]
[WhiteElo "1882"]
[BlackElo "1940"]

1. d4 Nf6 2. c4 e6 3. Nc3 Bb4 4. a3 Bxc3+ 5. bxc3 O-O 6. Bg5 h6 7. Bd2 Ne4 8. e3
b6 9. Bd3 Bb7 10. Nf3 Nxd2 11. Qxd2 Bxf3 12. gxf3 Nc6 13. O-O-O Na5 14. Kb2 c5
15. d5 Rb8 16. Qc2 Qh4 17. Qe2 b5 18. cxb5 c4 19. Bc2 Rxb5+ 20. Ka2 Rfb8 21.
dxe6 Rb2+ 22. Ka1 Qe7 0-1

[Event "AUTO-OPEN-2789"]
[Site "http://www.queenalice.com/game.php?id=1139161"]
[Date "2013.1.10"]
[Round "2"]
[White "pancas"]
[Black "procellaria"]
[Result "0-1"]
[WhiteElo "1802"]
[BlackElo "1855"]

1. b3 d5 2. d4 e6 3. Bb2 Nf6 4. Nf3 Bd6 5. e3 O-O 6. Bd3 Re8 7. Ng5 h6 8. Nf3
Nbd7 9. O-O e5 10. dxe5 Nxe5 11. Nxe5 Bxe5 12. Bxe5 Rxe5 13. Nc3 c6 14. Re1 b5
15. f4 Re7 16. h3 Qb6 17. Qf3 Bb7 18. Qf2 Rae8 19. Nd1 d4 20. e4 Nxe4 21. Bxe4
Rxe4 22. Rxe4 Rxe4 23. Kh2 c5 24. a4 b4 25. Nb2 Qe6 26. Nd3 Re2 27. f5 Qd6+ 28.
Qf4 Rxg2+ 29. Kh1 Rf2+ 0-1

[Event "AUTO-OPEN-2789"]
[Site "http://www.queenalice.com/game.php?id=1139162"]
[Date "2013.1.10"]
[Round "2"]
[White "procellaria"]
[Black "pancas"]
[Result "0-1"]
[WhiteElo "1844"]
[BlackElo "1799"]

1. c4 g6 2. d4 Bg7 3. e4 e5 4. d5 Nf6 5. Nf3 d6 6. Nc3 O-O 7. Bg5 c6 8. Rc1 Qd7
9. Be2 Na6 10. a3 Nc5 11. Qc2 h6 12. Bd2 cxd5 13. cxd5 Qg4 14. O-O b6 15. Nxe5
Qh4 16. Nf3 Qg4 17. h3 Qd7 18. Bb5 Qe7 19. Rfe1 a6 20. Bd3 Nfd7 21. b4 Nxd3 22.
Qxd3 Ne5 23. Nxe5 Qxe5 24. f4 Qe7 25. Na4 Qb7 26. Be3 b5 27. Nb6 Rb8 28. Nxc8
Rbxc8 29. Bd4 Rxc1 30. Rxc1 Bxd4+ 31. Qxd4 Re8 32. e5 dxe5 33. fxe5 Qe7 34. Re1
Rc8 35. d6 Qd7 0-1

[Event "AUTO-INT-2427"]
[Site "http://www.queenalice.com/game.php?id=1139826"]
[Date "2013.1.12"]
[Round "2"]
[White "Guegoma"]
[Black "procellaria"]
[Result "1-0"]
[WhiteElo "1717"]
[BlackElo "1738"]

1. e4 d6 2. Nc3 c6 3. d4 Nd7 4. a4 e5 5. Be3 g6 6. Qd2 Qc7 7. Nf3 Bg7 8. Be2
Ngf6 9. Bh6 O-O 10. O-O b6 11. dxe5 Nxe5 12. Rfd1 Bxh6 13. Qxh6 Nxf3+ 14. Bxf3
Bb7 15. Qf4 Rac8 16. Qxf6 Rce8 17. Rxd6 Qe7 18. Qf4 f5 19. Qd2 fxe4 20. Bxe4 Qc7
21. Rd7 Qb8 22. Bxg6 hxg6 23. Qh6 1-0

[Event "AUTO-INT-2427"]
[Site "http://www.queenalice.com/game.php?id=1139827"]
[Date "2013.1.12"]
[Round "2"]
[White "procellaria"]
[Black "Guegoma"]
[Result "0-1"]
[WhiteElo "1756"]
[BlackElo "1699"]

1. d4 e6 2. e4 Nf6 3. Bd3 d6 4. Nf3 Be7 5. O-O c6 6. c4 a6 7. a4 d5 8. Nc3 dxe4
9. Nxe4 b6 10. Qc2 Bb7 11. Nxf6+ Bxf6 12. Be3 g6 13. Be4 O-O 14. Rfd1 Nd7 15. b4
Qc7 16. g3 e5 17. Qd2 Bg7 18. Rac1 f5 19. dxe5 Nxe5 20. Nxe5 fxe4 21. Nd7 Rf3
22. Bxb6 Qc8 0-1

[Event "AUTO-INT-2427"]
[Site "http://www.queenalice.com/game.php?id=1139832"]
[Date "2013.1.12"]
[Round "2"]
[White "procellaria"]
[Black "nitemoves"]
[Result "0-1"]
[WhiteElo "1856"]
[BlackElo "1959"]

1. d4 d5 2. e3 Nf6 3. c4 c6 4. Nc3 Bf5 5. b3 e6 6. Nf3 Bb4 7. Bd2 Nbd7 8. a3 Ba5
9. b4 Bc7 10. Be2 dxc4 11. Bxc4 Nb6 12. Bb3 Qd6 13. Bc2 Bg4 14. h3 Bxf3 15. gxf3
e5 16. dxe5 Qxe5 17. f4 Qd6 18. Qe2 O-O-O 19. O-O-O Qe7 20. Bf5+ Kb8 21. Rhe1 g6
22. Bb1 Nfd5 0-1

[Event "AUTO-INT-2427"]
[Site "http://www.queenalice.com/game.php?id=1139833"]
[Date "2013.1.12"]
[Round "2"]
[White "nitemoves"]
[Black "procellaria"]
[Result "1-0"]
[WhiteElo "1946"]
[BlackElo "1869"]

1. e4 d6 2. d4 c6 3. Nf3 Nd7 4. Bc4 b5 5. Bb3 Bb7 6. O-O e6 7. Re1 a5 8. c3 Be7
9. e5 Qc7 10. Bf4 a4 11. Bc2 Rd8 12. Nbd2 d5 13. Nf1 Nb6 14. b3 a3 15. Ng3 c5
16. Rc1 b4 17. cxb4 c4 18. bxc4 Nxc4 19. Bb3 Bxb4 20. Bxc4 Qa5 21. Bd2 Bxd2 22.
Nxd2 dxc4 23. Nxc4 Qa7 24. Nd6+ Kf8 25. Rc7 1-0

[Event "AUTO-INT-2427"]
[Site "http://www.queenalice.com/game.php?id=1139834"]
[Date "2013.1.12"]
[Round "2"]
[White "procellaria"]
[Black "mrjoe"]
[Result "0-1"]
[WhiteElo "1822"]
[BlackElo "1689"]

1. d4 d5 2. e3 Nc6 3. c4 dxc4 4. Bxc4 e6 5. Nc3 Nf6 6. a3 Be7 7. Nf3 O-O 8. O-O
b6 9. b4 Bb7 10. Re1 a6 11. Bb2 Na7 12. Qe2 Ne4 13. Nxe4 Bxe4 14. Bxa6 Bd5 15.
Bc4 Bxf3 16. Qxf3 Bd6 17. Qg4 Qf6 18. Rab1 Rfe8 19. e4 e5 20. d5 c5 21. Bc3 Nc8
22. Ra1 Ne7 23. Re3 Ng6 24. Rf3 Nf4 25. Kf1 Qg6 26. Qxg6 Nxg6 27. b5 Ra4 28. Bd3
Rea8 29. Bb2 c4 30. Bc2 R4a7 31. g3 Rc7 32. h4 h5 33. Kg2 Rac8 34. Bc3 Ne7 35.
a4 f6 36. Kh3 Kh8 37. Bd1 Ng8 38. Re3 g6 39. f3 Kh7 40. g4 hxg4+ 41. fxg4 Bc5
42. Rf3 Bd4 43. g5 Bxc3 44. Rxc3 fxg5 45. hxg5 Rf7 46. Bf3 Kg7 47. Rac1 Rfc7 48.
Be2 Kf7 49. Rxc4 Rxc4 50. Bxc4 Ke7 51. Rc2 Kd6 52. Bd3 Rxc2 53. Bxc2 Kc5 54. Kg3
Ne7 55. Kf3 Nc8 56. Ke3 Nd6 57. Kd3 Kb4 58. Kd2 Nc4+ 59. Kc1 Kc3 60. Bb1 Kb3 61.
Bc2+ Kb4 62. Kd1 Ne3+ 63. Kd2 Nc4+ 0-1

[Event "AUTO-INT-2427"]
[Site "http://www.queenalice.com/game.php?id=1139835"]
[Date "2013.1.12"]
[Round "2"]
[White "mrjoe"]
[Black "procellaria"]
[Result "1-0"]
[WhiteElo "1710"]
[BlackElo "1801"]

1. e4 c5 2. Nf3 e6 3. e5 Nc6 4. b3 d6 5. Bb2 d5 6. d4 a6 7. Be2 b6 8. O-O Qc7 9.
Ba3 Nh6 10. Bc1 Nf5 11. Be3 cxd4 12. Bxd4 Nfxd4 13. Nxd4 Bb7 14. Nxc6 Bxc6 15.
Qd4 Bc5 16. Qc3 d4 17. Qg3 O-O-O 18. Nd2 Rdg8 19. Bxa6+ Kb8 20. Bd3 f6 21. Nc4
Ka7 22. exf6 Qxg3 23. fxg3 gxf6 24. Rxf6 Bd5 25. Rf7+ Kb8 26. Bxh7 d3+ 27. Kh1
Re8 28. cxd3 e5 29. h3 Bxf7 30. Be4 Rd8 31. a3 Bxc4 32. dxc4 Rhf8 33. Bd5 Rf2
34. b4 Bd4 35. Re1 Rdf8 36. Bf3 Ra2 37. c5 Rxa3 38. cxb6 Ra1 39. Rxa1 Bxa1 40.
b7 Bc3 41. b5 Rg8 42. Kh2 Be1 43. g4 Bd2 44. Be4 Rd8 45. Kg3 Bf4+ 46. Kf3 Rd1
47. Ke2 Rd4 48. Kf3 Rb4 49. Ke2 Rxe4+ 50. Kd3 Rb4 51. Ke2 Rxb5 52. Kf3 Kxb7 53.
g3 Bc1 54. g5 Rb4 55. g6 Bh6 56. g4 Kc6 57. h4 e4+ 58. Ke2 Rb5 59. g5 Bxg5 60.
hxg5 Rxg5 61. Ke3 Kd5 62. g7 Rxg7 63. Ke2 Rg3 64. Kf2 Rb3 65. Ke2 1-0

[Event "AUTO-OPEN-2783"]
[Site "http://www.queenalice.com/game.php?id=1154257"]
[Date "2013.2.21"]
[Round "2"]
[White "Rubens2009"]
[Black "procellaria"]
[Result "1-0"]
[WhiteElo "1864"]
[BlackElo "1781"]

1. e4 d6 2. d4 c6 3. Bd3 Nd7 4. Nf3 g6 5. Nc3 Bg7 6. Be3 h6 7. O-O b6 8. Re1 e5
9. d5 Bb7 10. dxc6 Bxc6 11. Bb5 1-0

[Event "AUTO-OPEN-2783"]
[Site "http://www.queenalice.com/game.php?id=1154258"]
[Date "2013.2.21"]
[Round "2"]
[White "procellaria"]
[Black "Rubens2009"]
[Result "0-1"]
[WhiteElo "1768"]
[BlackElo "1877"]

1. d4 d5 2. e3 a6 3. c4 c6 4. Nc3 Nf6 5. Bd3 e6 6. a3 Be7 7. Nf3 Nbd7 8. Qc2 Nb6
9. c5 Nbd7 10. O-O O-O 11. Re1 b6 0-1

[Event "AUTO-ADV-2618"]
[Site "http://www.queenalice.com/game.php?id=1158049"]
[Date "2013.3.5"]
[Round "2"]
[White "Savage72"]
[Black "procellaria"]
[Result "1-0"]
[WhiteElo "2010"]
[BlackElo "1747"]

1. e4 d6 2. d4 c6 3. Nc3 Nd7 4. f4 g6 5. Nf3 Bg7 6. a3 e6 7. Bd3 Ne7 8. Be3 b5
9. O-O O-O 10. Qd2 f6 11. f5 exf5 12. exf5 Nxf5 13. Bxf5 gxf5 14. Nh4 Rf7 15.
Nxf5 Nf8 16. Nxg7 Kxg7 17. Bh6+ Kh8 18. Ne4 d5 19. Nc5 Ne6 20. Nxe6 Bxe6 21.
Rae1 Bd7 22. Qf4 Qg8 23. Qh4 Qg6 24. c3 Rg8 25. g3 Re8 26. Rxe8+ Bxe8 27. Re1
Bd7 28. Qf4 Qg8 29. Qd6 Be8 30. Qb8 1-0

[Event "AUTO-ADV-2618"]
[Site "http://www.queenalice.com/game.php?id=1158050"]
[Date "2013.3.5"]
[Round "2"]
[White "procellaria"]
[Black "Savage72"]
[Result "0-1"]
[WhiteElo "1742"]
[BlackElo "2015"]

1. d4 d6 2. c4 Nd7 3. Nc3 Ngf6 4. e4 e5 5. a3 h6 6. Nf3 c6 7. h3 Qc7 8. Be3 Be7
9. Bd3 g5 10. Qd2 Nf8 11. Nh2 Ng6 12. Be2 Nf4 13. Bf1 Bd7 14. dxe5 dxe5 15. Bxf4
gxf4 16. Nf3 O-O-O 17. Qc2 Be6 18. Bd3 Rhg8 19. Rg1 Bc5 20. Na4 Qa5+ 21. Nc3 Qb6
22. Na4 Qa5+ 23. Nc3 Bd4 24. O-O-O Kb8 25. Nxd4 exd4 26. Na2 c5 27. Qd2 Qxd2+
28. Kxd2 Nd7 29. b4 b6 0-1

[Event "AUTO-ADV-2618"]
[Site "http://www.queenalice.com/game.php?id=1158053"]
[Date "2013.3.5"]
[Round "2"]
[White "alexsandrob3478"]
[Black "procellaria"]
[Result "1-0"]
[WhiteElo "1847"]
[BlackElo "1759"]

1. e4 d6 2. d4 c6 3. Nf3 Nd7 4. c4 g6 5. Nc3 Bg7 6. Be2 b6 7. Bg5 f6 8. Be3 e5
9. O-O Ne7 10. Qd2 O-O 11. Bh6 Re8 12. Bxg7 Kxg7 13. h3 Nf8 14. Nh4 Ne6 15. dxe5
dxe5 16. Rfd1 Qxd2 17. Rxd2 Nd4 18. Nf3 Nxf3+ 19. Bxf3 Ba6 20. b3 Rad8 21. Rad1
Rxd2 22. Rxd2 Bc8 23. b4 Ng8 24. Rd6 Bb7 25. Rd7+ Re7 26. Rd6 Kf7 27. Bg4 a6 28.
a3 b5 29. c5 h5 30. Bf3 Nh6 31. Kf1 Re6 32. Rd7+ Re7 33. Rxe7+ Kxe7 34. Ke2 Bc8
35. Ke3 Nf7 36. h4 Nh6 37. Be2 Ng4+ 38. Bxg4 hxg4 39. g3 f5 40. exf5 gxf5 41. f4
Kf6 42. fxe5+ Kxe5 43. Ne2 Kf6 44. Nd4 Bd7 45. Kf4 1-0

[Event "AUTO-ADV-2618"]
[Site "http://www.queenalice.com/game.php?id=1158054"]
[Date "2013.3.5"]
[Round "2"]
[White "procellaria"]
[Black "alexsandrob3478"]
[Result "0-1"]
[WhiteElo "1737"]
[BlackElo "1859"]

1. d4 Nf6 2. c4 e6 3. Nc3 Bb4 4. Qc2 c5 5. e3 d5 6. dxc5 Nc6 7. Bd2 O-O 8. cxd5
Nxd5 9. O-O-O Qa5 10. Kb1 Qxc5 11. Nxd5 Qxc2+ 12. Kxc2 exd5 13. Nf3 Bxd2 14.
Rxd2 Be6 15. a3 Rac8 16. Kb1 Na5 17. Nd4 a6 18. Bd3 Rfd8 19. Rc2 Rxc2 20. Bxc2
Nc4 21. Rd1 h6 22. h3 Rd6 23. Ka2 Kf8 24. b3 Nb6 25. f4 Bd7 26. g4 Ke7 27. Re1
Kf8 28. f5 Be8 29. Kb2 Rd8 30. Bd3 Rc8 31. Rf1 Nd7 32. Rc1 Rxc1 33. Kxc1 Nc5 34.
Kc2 Ke7 35. Kc3 Nxd3 36. Kxd3 Kd6 37. b4 g6 38. Kc3 Bd7 39. Kd3 Ke5 40. Nf3+ Kd6
41. fxg6 fxg6 42. Kd4 h5 43. Ne5 Be8 44. e4 dxe4 45. Kxe4 b6 0-1